[Event "Pereira GP op 2nd"]
[Site "Pereira"]
[Date "2023.10.21"]
[Round "3"]
[White "Agudelo Pineres, Oscar Marino"]
[Black "Lopez Martinez, Oscar Mauricio"]
[Result "1-0"]
[WhiteElo "1938"]
[BlackElo "1332"]
[PlyCount "55"]
[EventDate "2023.10.21"]
[EventType "swiss"]
[EventRounds "6"]
[EventCountry "COL"]
[SourceTitle "Mega2024 Update 01"]
[Source "Chessbase"]
[SourceDate "2023.11.12"]
[SourceVersion "1"]
[SourceVersionDate "2023.11.12"]
[SourceQuality "1"]

1. d4 d5 2. Nf3 Nf6 3. c4 dxc4 4. Nc3 Nc6 5. d5 Nb4 6. Qa4+ Bd7 7. Qxb4 e6 8. Qxc4 exd5 9. Nxd5 Bd6 10. Bg5 Be6 11. 0-0-0 c6 12. Nxf6+ gxf6 13. Qc3 fxg5 14. Qxh8+ Ke7 15. Qxd8+ Rxd8 16. Kb1 Bf5+ 17. e4 Bxe4+ 18. Bd3 Bd5 19. Nxg5 Bxg2 20. Rhe1+ Kf6 21. Nxh7+ Kg7 22. Rg1 Kh6 23. Rxg2 Bf4 24. Nf6 a6 25. Bc2 Rc8 26. Rdg1 Rd8 27. Rg6+ fxg6 28. Rxg6# 1-0

[Event "Pereira GP op 2nd"]
[Site "Pereira"]
[Date "2023.10.21"]
[Round "2"]
[White "Bermudez Rojas, Alejandro"]
[Black "Agudelo Pineres, Oscar Marino"]
[Result "1-0"]
[WhiteElo "1281"]
[BlackElo "1938"]
[PlyCount "59"]
[EventDate "2023.10.21"]
[EventType "swiss"]
[EventRounds "6"]
[EventCountry "COL"]
[SourceTitle "Mega2024 Update 01"]
[Source "Chessbase"]
[SourceDate "2023.11.12"]
[SourceVersion "1"]
[SourceVersionDate "2023.11.12"]
[SourceQuality "1"]

1. e4 c5 2. Nf3 d6 3. d4 cxd4 4. Nxd4 Nf6 5. Nc3 a6 6. h3 e5 7. Nde2 b5 8. g4 Bb7 9. Bg2 Be7 10. Ng3 b4 11. Nd5 Nxd5 12. exd5 g6 13. Be3 Nd7 14. Qd2 a5 15. 0-0 0-0 16. Bh6 Re8 17. f4 Bf6 18. f5 Qb6+ 19. Be3 Qb5 20. fxg6 hxg6 21. Ne4 Be7 22. Qf2 f6 23. Rad1 Kg7 24. Ng3 Rac8 25. Be4 Nc5 26. Bxg6 Kxg6 27. Qf5+ Kg7 28. Nh5+ Kh8 29. Qg6 Bf8 30. Nxf6 1-0

[Event "COL Subzt 2.3.4"]
[Site "Risarald"]
[Date "2021.11.26"]
[Round "7"]
[White "Calle, Edwin Fernando"]
[Black "Agudelo Pineres, Oscar Marino"]
[Result "1-0"]
[WhiteElo "1887"]
[BlackElo "1983"]
[PlyCount "81"]
[EventDate "2021.11.23"]
[EventType "swiss"]
[EventRounds "9"]
[EventCountry "COL"]
[SourceTitle "CBM 205 Extra"]
[Source "ChessBase"]
[SourceDate "2022.01.31"]
[SourceVersion "1"]
[SourceVersionDate "2022.01.31"]
[SourceQuality "1"]

1. e4 c5 2. Nf3 d6 3. c3 Nf6 4. Qc2 g6 5. d4 cxd4 6. cxd4 Bg7 7. Nc3 0-0 8. Be2 Bg4 9. 0-0 Nc6 10. Be3 a6 11. d5 Bxf3 12. Bxf3 Ne5 13. Be2 Rc8 14. Qb3 Qc7 15. Rac1 Qb8 16. f3 Ned7 17. Qa3 Rc7 18. b4 Rfc8 19. Na4 b5 20. Nb2 Nxd5 21. exd5 Rc2 22. Qxa6 Bxb2 23. Rxc2 Rxc2 24. Bxb5 Nf6 25. Rd1 Be5 26. a3 e6 27. dxe6 fxe6 28. Rc1 Rxc1+ 29. Bxc1 Bd4+ 30. Kf1 Bb6 31. Bc6 Kf7 32. Qb7+ Qxb7 33. Bxb7 e5 34. a4 Ke6 35. Ke2 d5 36. Be3 d4 37. Bg5 Ne8 38. Kd3 Nd6 39. Bc6 Nf7 40. Bd2 Kd6 41. Be4 1-0

[Event "COL-ch U2000"]
[Site "Pereira"]
[Date "2019.03.25"]
[Round "8"]
[White "Agudelo Pineres, Oscar Marino"]
[Black "Martinez, Luis Hernando"]
[Result "1-0"]
[WhiteElo "1989"]
[BlackElo "1888"]
[PlyCount "75"]
[EventDate "2019.03.21"]
[EventType "swiss"]
[EventRounds "9"]
[EventCountry "COL"]
[SourceTitle "CBM 189 Extra"]
[Source "ChessBase"]
[SourceDate "2019.06.03"]
[SourceVersion "1"]
[SourceVersionDate "2019.06.03"]
[SourceQuality "1"]

1. d4 Nf6 2. c4 g6 3. Nc3 Bg7 4. e4 0-0 5. h4 d6 6. f3 c5 7. Nge2 cxd4 8. Nxd4 Nc6 9. Be3 Nh5 10. g4 Ng3 11. Rg1 Nxf1 12. Kxf1 Qb6 13. Nxc6 Qxc6 14. Qd5 Be6 15. Qxc6 bxc6 16. c5 Rfb8 17. Rg2 d5 18. exd5 cxd5 19. Rd2 Rxb2 20. Rxb2 Bxc3 21. Rab1 Bxb2 22. Rxb2 Bc8 23. Kf2 f6 24. c6 Ba6 25. Bc5 Rc8 26. Bxe7 Rxc6 27. g5 fxg5 28. hxg5 d4 29. Bf6 d3 30. Rb8+ Kf7 31. Rd8 h5 32. gxh6 Rc2+ 33. Kg3 Rc8 34. Rxc8 Bxc8 35. h7 d2 36. h8Q d1Q 37. Qg7+ Ke6 38. Qe7+ 1-0

[Event "COL-chT"]
[Site "Ibague"]
[Date "2017.07.21"]
[Round "6.1"]
[White "Agudelo Pineres, Oscar Marino"]
[Black "Arguelles Ochoa, Julio Cesar"]
[Result "1/2-1/2"]
[WhiteElo "2030"]
[BlackElo "1491"]
[PlyCount "88"]
[EventDate "2017.07.19"]
[EventType "team-swiss"]
[EventRounds "6"]
[EventCountry "COL"]
[SourceTitle "CBM 179 Extra"]
[Source "ChessBase"]
[SourceDate "2017.08.23"]
[SourceVersion "1"]
[SourceVersionDate "2017.08.23"]
[SourceQuality "1"]
[WhiteTeam "Quindio"]
[BlackTeam "Tolima III"]
[WhiteTeamCountry "COL"]
[BlackTeamCountry "COL"]

1. d4 g6 2. Bf4 Bg7 3. Nf3 Nf6 4. h3 a6 5. e3 d6 6. Bd3 Nbd7 7. Nbd2 c5 8. c3 Qc7 9. Bh2 b5 10. 0-0 Bb7 11. e4 0-0 12. e5 Ne8 13. Re1 dxe5 14. dxe5 e6 15. c4 Qb6 16. Qe2 Nc7 17. b3 Rfd8 18. Ne4 Bxe4 19. Qxe4 Rab8 20. Rad1 Qb7 21. Qh4 bxc4 22. Bxc4 Nb5 23. a4 Na7 24. Bf4 Nc6 25. Rd2 Nb6 26. Red1 Rxd2 27. Rxd2 Nxc4 28. bxc4 Qb1+ 29. Kh2 Qe4 30. Ng5 Qxc4 31. Qxh7+ Kf8 32. Qh4 Nd4 33. Nh7+ Kg8 34. Nf6+ Bxf6 35. Qxf6 Nf5 36. Bg5 Qxa4 37. g4 Ng7 38. Bh6 Ne8 39. Qe7 Ng7 40. Rd7 Rf8 41. Rc7 Qa5 42. Rxc5 Qb6 43. Be3 Qb8 44. Qf6 Rc8 1/2-1/2

[Event "COL-chT"]
[Site "Ibague"]
[Date "2017.07.19"]
[Round "2.1"]
[White "Agudelo Pineres, Oscar Marino"]
[Black "Otalora Pacheco, Carlos Eduardo"]
[Result "0-1"]
[WhiteElo "2030"]
[BlackElo "2173"]
[PlyCount "32"]
[EventDate "2017.07.19"]
[EventType "team-swiss"]
[EventRounds "6"]
[EventCountry "COL"]
[SourceTitle "CBM 179 Extra"]
[Source "ChessBase"]
[SourceDate "2017.08.23"]
[SourceVersion "1"]
[SourceVersionDate "2017.08.23"]
[SourceQuality "1"]
[WhiteTeam "Quindio"]
[BlackTeam "Boyaca"]
[WhiteTeamCountry "COL"]
[BlackTeamCountry "COL"]

1. d4 d5 2. Nf3 Nf6 3. c4 c6 4. e3 e6 5. Bd3 Nbd7 6. 0-0 Bd6 7. b3 e5 8. dxe5 Nxe5 9. Bb2 Nxf3+ 10. Qxf3 Bg4 11. Bxf6 Qd7 12. Bf5 Bxf5 13. Bxg7 Rg8 14. e4 Bxe4 15. Qf6 Bf8 16. Qe5+ Qe7 0-1

[Event "COL-chT"]
[Site "Ibague"]
[Date "2017.07.19"]
[Round "1.1"]
[White "Trujillo Quesada, Harlinson"]
[Black "Agudelo Pineres, Oscar Marino"]
[Result "1/2-1/2"]
[WhiteElo "1917"]
[BlackElo "2030"]
[PlyCount "104"]
[EventDate "2017.07.19"]
[EventType "team-swiss"]
[EventRounds "6"]
[EventCountry "COL"]
[SourceTitle "CBM 179 Extra"]
[Source "ChessBase"]
[SourceDate "2017.08.23"]
[SourceVersion "1"]
[SourceVersionDate "2017.08.23"]
[SourceQuality "1"]
[WhiteTeam "Caqueta II"]
[BlackTeam "Quindio"]
[WhiteTeamCountry "COL"]
[BlackTeamCountry "COL"]

1. d4 Nf6 2. Nf3 g6 3. Bf4 Bg7 4. e3 d6 5. Nbd2 0-0 6. c3 Nc6 7. e4 e5 8. dxe5 dxe5 9. Bg5 Be6 10. Qc2 h6 11. Bh4 g5 12. Bg3 Nd7 13. 0-0-0 Qe7 14. Bc4 Nb6 15. Bxe6 Qxe6 16. Qb3 Qe7 17. Nc4 Qc5 18. Ne3 Nd4 19. Qb4 Qxb4 20. cxb4 Rfe8 21. Nxd4 exd4 22. Nf5 Rad8 23. f3 Re6 24. b3 d3 25. Nxg7 Kxg7 26. Rd2 c5 27. bxc5 Rc6 28. Rhd1 Rxc5+ 29. Kb2 Rdc8 30. Kb1 Rc2 31. Be5+ f6 32. Bd4 Nd7 33. Bxa7 Ne5 34. Bd4 Nc6 35. Rxd3 Rxg2 36. R3d2 Rxd2 37. Rxd2 Rd8 38. Bc3 Rxd2 39. Bxd2 Nd4 40. f4 Nf3 41. Kc2 Nxh2 42. fxg5 fxg5 43. a4 g4 44. Kd3 h5 45. a5 Kf6 46. Bf4 Nf3 47. b4 Ke6 48. b5 Kd7 49. a6 bxa6 50. bxa6 Kc6 51. e5 g3 52. Bxg3 h4 1/2-1/2

[Event "Quindio-ch"]
[Site "Quindio"]
[Date "2016.09.16"]
[Round "2.4"]
[White "Velasquez, Andres Felipe"]
[Black "Agudelo Pineres, Oscar Marino"]
[Result "0-1"]
[WhiteElo "1731"]
[BlackElo "1992"]
[PlyCount "74"]
[EventDate "2016.09.16"]
[EventType "swiss"]
[EventRounds "5"]
[EventCountry "COL"]
[SourceTitle "EXT 2024"]
[Source "ChessBase"]
[SourceDate "2023.10.10"]
[SourceVersion "1"]
[SourceVersionDate "2023.10.10"]
[SourceQuality "1"]

1. e4 d6 2. d4 Nf6 3. Nc3 g6 4. Nf3 Bg7 5. Bc4 0-0 6. Bb3 Bg4 7. 0-0 Nbd7 8. h3 Bxf3 9. Qxf3 c5 10. Be3 Rc8 11. dxc5 Nxc5 12. Rad1 Qc7 13. Bd4 Ncd7 14. Qe2 a6 15. Rfe1 b5 16. Nd5 Nxd5 17. exd5 Rfe8 18. Bxg7 Kxg7 19. a4 Qb6 20. Qe3 Qxe3 21. Rxe3 Nc5 22. axb5 axb5 23. Ra1 Rc7 24. c4 Nxb3 25. Rxb3 bxc4 26. Rc3 Rb8 27. Rac1 Rxb2 28. Rxc4 Rxc4 29. Rxc4 Rd2 30. Re4 Kf8 31. Rh4 h5 32. Kf1 Rxd5 33. Ke2 Ra5 34. Rb4 Ra3 35. Rb6 Kg7 36. Rc6 Kf6 37. Rb6 Ke6 0-1